01442 2200229 4500001002100000005001500021035002000036007000300056008004100059020002200100082001200122084001800134100003300152245010700185250001400292260003300306300004600339700002800385650003100413520075100444990001701195INLIS00000000000097720260518123052 a0010-0823000141ta260518 c 0 ind  a978-979-055-506-8 a297.911 a297.911 NUR r0 aNurul Asmayani ( Pengarang )1 aRasul seluruh alam :bpembaeah kebenaran yang hakiki /cNurul Asmayani, ,dkk ; ilustrator Ade wawa,dkk a-Cet ke 7 aBandung :bSygma CMC,c2020 a48 :bilus. ; gambar berwarna ;c27 cme-0 aAde Wawa ( Ilustrator ) 4aislam - bacaan anak - anak aJabin bin 'Abdullah Al Anshari r.a. meriwayatkan bahwa Rasulullah saw. bersabda, "Aku diberikan lima perkara yang belum pernah diberikan kepada seorang nabi pun sebelumku. pertama, dahulu setiap nabi hanya diutus kepada kaumnya secara khusus, sedangkan aku diutus kepada setiap bangsa merah dan hitam. kedua, ganimah dihalakan untukku, tetapi tidak dihalalkan untuk seorang pun sebelumku. ketiga, bumi dijadikan untukku dalam keadaan suci dan menyucikan serta sebagai masjid tempat sujud. jadi, siapapun laki-laki yang menemui waktu shalat, dia bisa slahat di mana saja dia berada. keempat, aku ditolong dengan rasa takut yang merasuk pada musuh dihadapanku sejauh jarak perjalanan satu bulan. kelima, aku diberi syafaat." (HR Bukhari dan Muslim) a00008/k/2021